Catholic University of Zimbabwe Library
Online Public Access Catalogue
(OPAC)

Remains of the Social (Record no. 24779)

MARC details
000 -LEADER
fixed length control field 03707cam a22005414a 4500
001 - CONTROL NUMBER
control field muse58014
003 - CONTROL NUMBER IDENTIFIER
control field MdBmJHUP
005 - DATE AND TIME OF LATEST TRANSACTION
control field 20210127151137.0
006 - FIXED-LENGTH DATA ELEMENTS--ADDITIONAL MATERIAL CHARACTERISTICS
fixed length control field m o d
007 - PHYSICAL DESCRIPTION FIXED FIELD--GENERAL INFORMATION
fixed length control field cr||||||||nn|n
008 - FIXED-LENGTH DATA ELEMENTS--GENERAL INFORMATION
fixed length control field 170811s2017 sa o 00 0 eng d
020 ## - INTERNATIONAL STANDARD BOOK NUMBER
International Standard Book Number 9781776140312
020 ## - INTERNATIONAL STANDARD BOOK NUMBER
Canceled/invalid ISBN 9781776140305
035 ## - SYSTEM CONTROL NUMBER
System control number (OCoLC)986539762
040 ## - CATALOGING SOURCE
Original cataloging agency MdBmJHUP
Transcribing agency MdBmJHUP
043 ## - GEOGRAPHIC AREA CODE
Geographic area code f-sa---
050 #4 - LIBRARY OF CONGRESS CALL NUMBER
Classification number DT1971
Item number .R467 2017
245 00 - TITLE STATEMENT
Title Remains of the Social
Remainder of title Desiring the post-apartheid /
Statement of responsibility, etc. edited by Maurits van Bever Donker, Ross Truscott, Gary Minkley & Premesh Lalu.
264 #1 - PRODUCTION, PUBLICATION, DISTRIBUTION, MANUFACTURE, AND COPYRIGHT NOTICE
Name of producer, publisher, distributor, manufacturer Project Muse,
264 #3 - PRODUCTION, PUBLICATION, DISTRIBUTION, MANUFACTURE, AND COPYRIGHT NOTICE
Name of producer, publisher, distributor, manufacturer Project MUSE,
300 ## - PHYSICAL DESCRIPTION
Extent 1 online resource (x, 301 pages) :
Other physical details illustrations
500 ## - GENERAL NOTE
General note Issued as part of book collections on Project MUSE.
504 ## - BIBLIOGRAPHY, ETC. NOTE
Bibliography, etc. note Includes bibliographical references and index.
505 0# - FORMATTED CONTENTS NOTE
Formatted contents note Traversing the social / Maurits van Bever Donker [and three others] -- The Mandela imaginary : reflections on post-reconciliation libidinal economy / Derek Hook -- The return of empathy : postapartheid fellow feeling / Ross Truscott -- The ethics of precarity : Judith Butler's reluctant universalism / Mari Ruti -- Hannah Arendt's work of mourning : the politics of loss, 'the rise of the social' and the ends of apartheid / Jaco Barnard-Naud{acute}e -- Souvenir / Annemarie Lawless -- Re-cover : Afrikaans rock, apartheid's children and the work of the cover / Aiden Erasmus -- The graves of Dimbaza : temporal remains / Gary Minkley and Helena Pohlandt-McCormick -- The principle of insufficiency : ethics and community at the edge of the social / Maurits van Bever Donker -- The Trojan Horse and the 'becoming technical of the human' / Premesh Lalu.
506 0# - RESTRICTIONS ON ACCESS NOTE
Terms governing access Open Access
Standardized terminology for access restriction Unrestricted online access
Source of term star
520 ## - SUMMARY, ETC.
Summary, etc. Remains of the Social is an interdisciplinary volume of essays that engages with what 'the social' might mean after apartheid, a condition referred to as 'the postapartheid social'. The volume grapples with apartheid as a global phenomenon that extends beyond the borders of South Africa between 1948 and 1994 and foregrounds the tension between the weight of lived experience that was and is apartheid, the structures that condition that experience, and a desire for a 'post-apartheid social'. Collectively, the contributors argue for a recognition of 'the post-apartheid' as a condition that names the labour of coming to terms with the ordering principles that apartheid both set in place and foreclosed. The volume seeks to provide a sense of the terrain on which 'the post-apartheid' - as a desire for a difference that is not apartheid's difference - unfolds, falters and is worked through.
588 ## - SOURCE OF DESCRIPTION NOTE
Source of description note Description based on print version record.
650 #0 - SUBJECT ADDED ENTRY--TOPICAL TERM
Topical term or geographic name entry element Post-apartheid era
Geographic subdivision South Africa.
651 #0 - SUBJECT ADDED ENTRY--GEOGRAPHIC NAME
Geographic name South Africa
General subdivision Social conditions
Chronological subdivision 1994-
655 #0 - INDEX TERM--GENRE/FORM
Genre/form data or focus term Electronic books.
655 #7 - INDEX TERM--GENRE/FORM
Genre/form data or focus term Electronic books.
Source of term local
700 1# - ADDED ENTRY--PERSONAL NAME
Personal name Lalu, Premesh,
Relator term editor.
700 1# - ADDED ENTRY--PERSONAL NAME
Personal name Minkley, Gary,
Relator term editor.
700 1# - ADDED ENTRY--PERSONAL NAME
Personal name Truscott, Ross,
Relator term editor.
700 1# - ADDED ENTRY--PERSONAL NAME
Personal name Van Bever Donker, Maurits M.,
Relator term editor.
710 2# - ADDED ENTRY--CORPORATE NAME
Corporate name or jurisdiction name as entry element Project Muse,
Relator term distributor.
776 18 - ADDITIONAL PHYSICAL FORM ENTRY
Relationship information Print version:
International Standard Book Number 9781776140305
710 2# - ADDED ENTRY--CORPORATE NAME
Corporate name or jurisdiction name as entry element Project Muse.
Relator term distributor
830 #0 - SERIES ADDED ENTRY--UNIFORM TITLE
Uniform title Book collections on Project MUSE.
856 40 - ELECTRONIC LOCATION AND ACCESS
Public note Full text available:
Uniform Resource Identifier <a href="https://muse.jhu.edu/book/52742/">https://muse.jhu.edu/book/52742/</a>
945 ## - LOCAL PROCESSING INFORMATION (OCLC)
a Project MUSE - 2017 Global Cultural Studies
945 ## - LOCAL PROCESSING INFORMATION (OCLC)
a Project MUSE - 2017 African Studies
945 ## - LOCAL PROCESSING INFORMATION (OCLC)
a Project MUSE - 2017 Complete
Holdings
Withdrawn status Lost status Source of classification or shelving scheme Damaged status Not for loan Home library Current library Shelving location Date acquired Total Checkouts Full call number Date last seen Uniform Resource Identifier Price effective from Koha item type
          Digital Library Digital Library Online Access 27.01.2021   DT1971 .R467 2017 27.01.2021 https://muse.jhu.edu/book/52742/ 27.01.2021 eBook

OPENING HOURS

Weekdays: 0815hrs - 1800hrs
Weekends:0900hrs - 1200hrs

Closed for Mass:

Mon, Thur: 1200hrs - 1300hrs
Sunday & Public Holiday’s

CALL SUPPORT

0242-570570, 0242-570169
09200664, +263 8644140602

LOCATION

18443, Cranborne Avenue, Hatfield, Harare

Other Links


©2021 | CUZ Library